000
00252nam a2200097Ia 4500
001
646949
005
20250826153652.0
008
250824s9999 xx 000 0 und d
245
0
_a
ÖYKÜLERLE DEYİMLER UZUN LAFIN KISASI
_c
HABİB BEKTAŞ
260
_b
TUDEM
999
_c
646949
_d
646949